Statistiques concernant Un pays = un joueur passé par le Barca

Cliquez ici pour prendre le quiz!

Statistiques générales

  • Ce quiz a été pris 585 fois
  • Le résultat moyen est 8 sur 15

Statistiques - réponses

PaysJoueur% Correct
ArgentineMessi
98%
BrésilNeymar.jr
94%
EspagneIniesta
84%
CamerounEto'o
75%
UruguaySuarez
74%
PologneLewandowski
65%
FranceHenry
63%
CroatieRakitić
57%
SuedeIbrahimović
54%
Pays-basCruyff
49%
DanemarkLaudrup
34%
PortugalFigo
31%
USADest
29%
BulgarieStoitchkov
8%
ItalieMotta
7%

Distribution des résultats

Percentile par nombre de réponses

% des personnes avec chaque résultat

Votre développement - résultats

Vous n’avez pas pris ce quiz